Guess the 1960s song lyrics #264 - Statistics

General Stats
  • This quiz has been taken 9 times
  • The average score is 145 of 307
Answer Stats
Answer % Correct
I
86%
to
86%
you
86%
a
71%
but
71%
do
71%
Do
71%
go
71%
it
71%
the
71%
Twist
71%
twist
71%
want
71%
and
57%
baby
57%
Baby
57%
come
57%
it's
57%
like
57%
Like
57%
Now
57%
now
57%
Oh
57%
oh
57%
on
57%
this
57%
your
57%
gonna
43%
how
43%
in
43%
not
43%
out
43%
Shake
43%
show
43%
so
43%
we're
43%
what
43%
yeah
43%
for
29%
Just
29%
or
29%
shout
29%
slow
29%
up
29%
wanna
29%
you're
29%
arms
14%
bend
14%
Bobby Freeman
14%
Bobby's
14%
Cause
14%
Dog
14%
dog
14%
Kinda
14%
kinda
14%
low
14%
swim
14%
Swim
14%
tonight
14%
way
14%
work
14%
alright
0%
backstroke
0%
C'mon
0%
c'mon
0%
everybody
0%
fish
0%
Gully
0%
Hully
0%
Monkey
0%
paddle
0%
Pretend
0%
water
0%
wish
0%
woo
0%
No matching quizzes found
Score Distribution
Percent of People with Each Score
Percentile by Number Answered
Your Score History
You have not taken this quiz